00323nam a2200109Ia 4500008004100000082001000041100002100051245004200072260001500114630004200129730004200171100328s9999 xx 000 0 und d b58410 aAgrawal Namrata. aFinancial Accounting Using Tally 6.3. bDreamtech. aFinancial Accounting Using Tally 6.3. aFinancial Accounting Using Tally 6.3.